Países que Limitan R.D. Congo - Estadísticas

Estadísticas generales
  • Esta prueba ha sido intentada 3.692 veces
  • La puntuación promedio es 8 de 9
Respuestas en el mapa
Las respuestas están codificadas por una escala verde-roja en el mapa de la prueba según el % correcto abajo.
 
Estadísticas de respuestas
País % Correcto
Angola
93%
República Centroafricana
91%
República del Congo
91%
Tanzania
91%
Uganda
91%
Zambia
91%
Ruanda
89%
Sudán del Sur
88%
Burundi
85%
No se encontraron pruebas coincidentes
Distribución de puntuación
Porcentaje de gente con cada puntuación
Porcentaje por número respondido
Historial de tus puntuaciones
No has intentado esta prueba.